[Event "ICS rated blitz match"]
[Site "204.178.125.65"]
[Date "2000.04.08"]
[Round "?"]
[White "PostModernist"]
[Black "Hossa"]
[Result "0-1"]
[WhiteElo "2544"]
[BlackElo "2367"]
[PlyCount "178"]
[EventDate "2000.??.??"]

1. e4 e5 2. d4 exd4 3. f4 Nc6 4. Bc4 Nf6 5. e5 d5 6. Bb5 Ne4 7. Nf3 a6 8. Bxc6+
bxc6 9. Qxd4 Bc5 10. Qa4 Bf2+ 11. Ke2 Bd7 12. Nbd2 Bb6 13. Nxe4 c5 14. Qa3 dxe4
15. Ng5 Bg4+ 16. Kf2 Qd4+ 17. Be3 Qc4 18. Qc3 Qxc3 19. bxc3 Bf5 20. g4 Bxg4 21.
Nxe4 Bf5 22. Nxc5 Bxc5 23. Bxc5 Bxc2 24. Rhc1 Bd3 25. Rg1 Rg8 26. Rad1 O-O-O
27. Be7 Rd7 28. Bf6 Bg6 29. Rxd7 Kxd7 30. Rd1+ Kc6 31. Bd8 Re8 32. Rd2 Be4 33.
a4 Bf5 34. Kf3 h5 35. Bh4 Be6 36. Ke4 Bb3 37. a5 Rb8 38. Be7 Kb5 39. Rd7 Rb7
40. Bb4 Be6 41. Re7 g6 42. Kd4 h4 43. Kd3 h3 44. Kd4 Kc6 45. Re8 Rb5 46. Rd8
Kb7 47. Re8 Rd5+ 48. Ke3 Rd1 49. Re7 Kc6 50. Re8 Rh1 51. Rd8 Rxh2 52. Rh8 Rg2
53. Kd4 h2 54. Rh6 Rb2 55. Ba3 Rd2+ 56. Ke3 Ra2 57. Bb4 Bd5 58. c4 h1=Q 59.
Rxh1 Bxh1 60. Kd3 Bg2 61. Ke3 Ra4 62. Be1 Rxc4 63. Kf2 Bd5 64. Kg3 Kb5 65. Kg4
Rc1 66. Bf2 Rh1 67. Be3 Rh2 68. Kg5 Kxa5 69. Kf6 Rh5 70. Ke7 Kb5 71. Bd2 Be6
72. Bc3 a5 73. Bd2 a4 74. Bc1 c5 75. Kf6 c4 76. Bb2 Rf5+ 77. Ke7 Rxf4 78. Bc1
Rf3 79. Kf8 a3 80. Kg7 a2 81. Bb2 c3 82. Ba1 Kc4 83. Kh7 Rh3+ 84. Kg7 Rh1 85.
Bxc3 Kxc3 86. Kf6 a1=Q 87. Kg7 Qd1 88. Kf8 Qd8+ 89. Kg7 Qh8# 0-1

[Event "ICS rated blitz match"]
[Site "204.178.125.65"]
[Date "2000.04.08"]
[Round "?"]
[White "Hossa"]
[Black "kako"]
[Result "1/2-1/2"]
[WhiteElo "2391"]
[BlackElo "2030"]
[PlyCount "107"]
[EventDate "2000.??.??"]

1. e4 e6 2. d4 d5 3. Nc3 Nf6 4. Bg5 Be7 5. e5 Nfd7 6. Bxe7 Qxe7 7. f4 O-O 8.
Qd2 f5 9. Nf3 c5 10. Nb5 Nc6 11. Nd6 cxd4 12. Bb5 Nc5 13. Bxc6 bxc6 14. Nxd4
Bd7 15. Nb3 Ne4 16. Qd4 Nxd6 17. exd6 Qxd6 18. Nc5 Rfe8 19. O-O a5 20. g3 Rab8
21. a3 Bc8 22. b4 axb4 23. axb4 e5 24. fxe5 Qxe5 25. Qxe5 Rxe5 26. Ra7 g6 27.
Rc7 Re8 28. c3 d4 29. Rxc6 dxc3 30. Nb3 Rxb4 31. Rxc3 Be6 32. Nc5 Bd5 33. Rc2
Be4 34. Re1 Bxc2 35. Rxe8+ Kf7 36. Rh8 Kg7 37. Re8 h5 38. Re7+ Kf6 39. Re6+ Kf7
40. Ra6 f4 41. Ra2 Bf5 42. Ra7+ Kf6 43. gxf4 Rxf4 44. Ra5 h4 45. Ra2 Rc4 46.
Ra5 Ke7 47. Ra7+ Kd6 48. Nb7+ Kd5 49. Ra5+ Kd4 50. Nd6 Rc1+ 51. Kf2 Rc2+ 52.
Kg1 Rc1+ 53. Kf2 Rc2+ 54. Kg1 1/2-1/2

[Event "ICS rated blitz match"]
[Site "204.178.125.65"]
[Date "2000.04.08"]
[Round "?"]
[White "QueenMaxima"]
[Black "Hossa"]
[Result "1-0"]
[WhiteElo "2435"]
[BlackElo "2379"]
[PlyCount "141"]
[EventDate "2000.??.??"]

1. d4 Nf6 2. c4 e6 3. Nc3 Bb4 4. e3 O-O 5. Bd3 d5 6. Nf3 dxc4 7. Bxc4 c5 8. O-O
cxd4 9. exd4 Nbd7 10. a3 Bxc3 11. bxc3 Qc7 12. Qb3 Ne4 13. Bb2 Ndf6 14. Bd3 Bd7
15. Rfe1 Bc6 16. Ne5 Nd6 17. c4 Rac8 18. a4 Rfd8 19. Nxc6 bxc6 20. Qc2 Rb8 21.
d5 Rxb2 22. Qxb2 cxd5 23. cxd5 exd5 24. Rac1 Qd7 25. Bb5 Qb7 26. Qb4 Qb8 27.
Qa5 Nxb5 28. Qxb5 Qd6 29. Qc5 Qxc5 30. Rxc5 Ne4 31. Ra5 Rd7 32. Rb1 Kf8 33.
Rb8+ Ke7 34. Ra8 Nc3 35. R5xa7 d4 36. Rxd7+ Kxd7 37. Kf1 h5 38. Rb8 Nxa4 39.
Rb4 Nc5 40. Rxd4+ Ke6 41. Ke2 g5 42. f4 g4 43. Ke3 f5 44. Rd8 Kf6 45. Rf8+ Kg6
46. Rg8+ Kf6 47. Rg5 h4 48. Rh5 Ne4 49. Rxh4 Nc3 50. Rh6+ Kg7 51. Rd6 Kf7 52.
Rd3 Ne4 53. Kd4 Kf6 54. Ra3 Kg6 55. Ra6+ Kg7 56. Ke5 g3 57. h3 Nd2 58. Kxf5 Kf7
59. Ra3 Nf1 60. h4 Kf8 61. Kf6 Kg8 62. Kg6 Kf8 63. h5 Nd2 64. Ra7 Nf3 65. Kf6
Kg8 66. gxf3 g2 67. Rg7+ Kh8 68. Kf7 g1=Q 69. Rxg1 Kh7 70. Rg6 Kh8 71. Rh6# 1-0

[Event "ICS rated blitz match"]
[Site "204.178.125.65"]
[Date "2000.04.08"]
[Round "?"]
[White "QueenMaxima"]
[Black "Hossa"]
[Result "1/2-1/2"]
[WhiteElo "2449"]
[BlackElo "2366"]
[PlyCount "192"]
[EventDate "2000.??.??"]

1. d4 Nf6 2. c4 e6 3. Nf3 b6 4. g3 Ba6 5. b3 Bb4+ 6. Bd2 Be7 7. Bg2 c6 8. O-O
d5 9. Bc3 O-O 10. Nbd2 Nbd7 11. Re1 c5 12. e4 dxe4 13. Nxe4 Bb7 14. Nfg5 cxd4
15. Qxd4 Qc7 16. Qe3 Rad8 17. Rad1 Ng4 18. Qe2 Nge5 19. f3 Nc5 20. Nf2 Ng6 21.
Nge4 Nxe4 22. Nxe4 Bxe4 23. Qxe4 Bc5+ 24. Kh1 Rxd1 25. Rxd1 Rd8 26. Rxd8+ Qxd8
27. f4 Qd1+ 28. Qe1 Qc2 29. Qa1 Bf8 30. Bd4 Ne7 31. Qb2 Qd1+ 32. Bg1 Nd5 33.
Bxd5 exd5 34. cxd5 Bc5 35. Qg2 Bxg1 36. Qxg1 Qxd5+ 37. Qg2 Qd1+ 38. Qg1 Qe2 39.
Qc1 g6 40. Qc8+ Kg7 41. Qc3+ f6 42. Qd4 h5 43. Qa1 h4 44. gxh4 Qf3+ 45. Kg1
Qxf4 46. Qe1 Qd4+ 47. Kf1 Kh6 48. Qf2 Qd1+ 49. Kg2 Qg4+ 50. Kf1 f5 51. Qe3+ Kh5
52. Qe7 Qxh4 53. Qxa7 Qh3+ 54. Kg1 Qe3+ 55. Kf1 Kg4 56. Kg2 Qe2+ 57. Kg1 Qd1+
58. Kf2 Qd6 59. Kg2 f4 60. h3+ Kg5 61. Qb7 Qd2+ 62. Kf1 Qd3+ 63. Kf2 Qe3+ 64.
Kf1 Qxh3+ 65. Ke2 Qe3+ 66. Kd1 Qd3+ 67. Kc1 Qc3+ 68. Kb1 Qe1+ 69. Kc2 Qf2+ 70.
Kb1 Qe3 71. Kc2 Qc5+ 72. Kb2 Kf6 73. a3 g5 74. Qg2 Qe3 75. Qc6+ Qe6 76. Qf3 Qd7
77. Qh1 Kg7 78. Qf3 Kf8 79. Qe4 Qe7 80. Qc6 Qe2+ 81. Kb1 Qf1+ 82. Ka2 Qf2+ 83.
Kb1 Qg1+ 84. Ka2 Kg7 85. Qc3+ Kh7 86. Qd3+ Kh6 87. Qh3+ Kg6 88. Qe6+ Kg7 89.
Qe7+ Kh6 90. Qe6+ Kh5 91. Qh3+ Kg6 92. Qe6+ Kg7 93. Qe7+ Kh6 94. Qe6+ Kh5 95.
Qh3+ Kg6 96. Qe6+ Kg7 1/2-1/2

[Event "ICS rated blitz match"]
[Site "204.178.125.65"]
[Date "2000.04.08"]
[Round "?"]
[White "Hossa"]
[Black "chessjaun"]
[Result "1-0"]
[WhiteElo "2370"]
[BlackElo "1952"]
[PlyCount "53"]

1. e4 c5 2. Nf3 Nc6 3. d4 cxd4 4. Nxd4 Nf6 5. Nc3 e6 6. Ndb5 d6 7. Bf4 e5 8.
Bg5 a6 9. Bxf6 gxf6 10. Na3 b5 11. Nd5 Bg7 12. c4 Qa5+ 13. Qd2 Qxd2+ 14. Kxd2
O-O 15. cxb5 Nd4 16. bxa6 Bh6+ 17. Ke1 Bxa6 18. Nxf6+ Kg7 19. Nd7 Bxf1 20. Kxf1
Rxa3 21. bxa3 Rc8 22. h4 Rc2 23. Rh3 Bd2 24. Rg3+ Kh6 25. Nf6 Ba5 26. Rg5 Rc8
27. Ng4# 1-0

[Event "ICS rated blitz match"]
[Site "204.178.125.65"]
[Date "2000.04.08"]
[Round "?"]
[White "quanta"]
[Black "Hossa"]
[Result "0-1"]
[WhiteElo "2133"]
[BlackElo "2373"]
[PlyCount "110"]

1. d4 Nf6 2. Nf3 e6 3. e3 b6 4. Bd3 Bb7 5. O-O c5 6. Nbd2 Nc6 7. c3 d6 8. Qe2
Be7 9. Re1 O-O 10. Nf1 d5 11. Ng3 Bd6 12. dxc5 bxc5 13. e4 Bxg3 14. hxg3 dxe4
15. Bxe4 Nxe4 16. Qxe4 Qd5 17. Qxd5 exd5 18. Be3 c4 19. Nd4 Rfe8 20. Nxc6 Bxc6
21. Bd4 a6 22. Kf1 Bd7 23. Rxe8+ Rxe8 24. b3 Bf5 25. b4 f6 26. a4 Bd7 27. f3
Kf7 28. Kf2 g6 29. Bc5 h5 30. b5 axb5 31. axb5 Bxb5 32. Ra7+ Ke6 33. Rg7 Rc8
34. Bd4 Be8 35. Ra7 f5 36. Ke3 Bd7 37. Kf4 Rc6 38. Kg5 Be8 39. Bf6 Rc8 40. Re7+
Kd6 41. Rg7 Rb8 42. Be7+ Ke6 43. Bc5 Bf7 44. g4 hxg4 45. fxg4 Rb2 46. gxf5+
gxf5 47. g3 Rh2 48. Kf4 Rh1 49. Bd4 Rf1+ 50. Kg5 Rf3 51. g4 Rf1 52. Rxf7 Kxf7
53. gxf5 Rd1 54. Be5 d4 55. cxd4 c3 0-1

[Event "ICS rated blitz match"]
[Site "204.178.125.65"]
[Date "2000.04.08"]
[Round "?"]
[White "Hossa"]
[Black "brutus"]
[Result "1-0"]
[WhiteElo "2379"]
[BlackElo "2194"]
[PlyCount "145"]

1. e4 e6 2. d4 d5 3. Nc3 Nf6 4. Bg5 Bb4 5. e5 h6 6. Bd2 Bxc3 7. bxc3 Ne4 8. Nf3
c5 9. Bd3 Nxd2 10. Qxd2 cxd4 11. cxd4 Nc6 12. O-O O-O 13. Bb5 Na5 14. Qc3 b6
15. Rab1 Bd7 16. Ba6 Bc8 17. Bd3 Bd7 18. Qb2 Rc8 19. Ba6 Rc7 20. Rfe1 Bc8 21.
Bd3 Qe7 22. Red1 Bb7 23. a4 Rfc8 24. Qc1 Bc6 25. Ra1 Qe8 26. Qa3 Qe7 27. Qb2
Bb7 28. Nd2 Rc3 29. Nb1 R3c7 30. Na3 Bc6 31. Nb5 Bxb5 32. axb5 Rc3 33. Ra4 Qc7
34. Ra3 Rxa3 35. Qxa3 Qc3 36. Qe7 Qc7 37. Qb4 Qc3 38. Qe7 Qc7 39. Qb4 Qc3 40.
Qxc3 Rxc3 41. Ra1 Kf8 42. g4 Ke7 43. f4 Kd7 44. f5 f6 45. Re1 exf5 46. exf6
gxf6 47. Bxf5+ Kd8 48. Re6 Nc4 49. Rxf6 Ne3 50. Rxh6 Nxf5 51. gxf5 Rxc2 52.
Rd6+ Ke7 53. Rxd5 Rb2 54. Re5+ Kf6 55. h4 Rb4 56. Rd5 Rb3 57. Kg2 Ra3 58. Kf2
a6 59. bxa6 Rxa6 60. Ke3 Ra3+ 61. Ke4 Rh3 62. Rd6+ Kf7 63. Rxb6 Rxh4+ 64. Ke5
Rh1 65. Rb7+ Kf8 66. d5 Re1+ 67. Kf6 Re8 68. d6 Ra8 69. Kg6 Rd8 70. f6 Kg8 71.
Rg7+ Kf8 72. Rh7 Kg8 73. f7+ 1-0

[Event "ICS rated blitz match"]
[Site "204.178.125.65"]
[Date "2000.04.08"]
[Round "?"]
[White "brutus"]
[Black "Hossa"]
[Result "0-1"]
[WhiteElo "2186"]
[BlackElo "2387"]
[PlyCount "45"]

1. e4 c5 2. Nf3 e6 3. d4 cxd4 4. Nxd4 Nf6 5. Nc3 d6 6. Be3 a6 7. f3 b5 8. Qd2
Bb7 9. O-O-O Nbd7 10. g4 h6 11. g5 hxg5 12. Bxg5 Rc8 13. Kb1 Be7 14. h4 b4 15.
Na4 Nxe4 16. fxe4 Bxg5 17. hxg5 Rxh1 18. g6 Qf6 19. gxf7+ Qxf7 20. Qg2 Bxe4 21.
Qxe4 Rxf1 22. Kc1 e5 23. Nc6 0-1

[Event "ICS rated blitz match"]
[Site "204.178.125.65"]
[Date "2000.04.08"]
[Round "?"]
[White "Hossa"]
[Black "brutus"]
[Result "1-0"]
[WhiteElo "2395"]
[BlackElo "2178"]
[PlyCount "63"]

1. e4 e6 2. d4 d5 3. Nc3 Nf6 4. Bg5 Bb4 5. e5 h6 6. Bd2 Bxc3 7. bxc3 Ne4 8. Nf3
c5 9. Bd3 Nxd2 10. Qxd2 cxd4 11. cxd4 Nc6 12. O-O Na5 13. Bb5+ Bd7 14. Bxd7+
Kxd7 15. Rab1 Qc7 16. Qe2 Rhc8 17. Qb5+ Ke7 18. Qb4+ Ke8 19. Rfc1 b6 20. Qb5+
Qc6 21. Qd3 Qc3 22. Qh7 Nc6 23. Rb3 Qc4 24. Qxg7 Nxd4 25. Nxd4 Qxd4 26. Rf3 Qd2
27. Qxf7+ Kd8 28. Qf8+ Kc7 29. Rf7+ Kc6 30. Qd6+ Kb5 31. Rb1+ Ka6 32. Rxa7+ 1-0

[Event "ICS rated blitz match"]
[Site "204.178.125.65"]
[Date "2000.04.08"]
[Round "?"]
[White "Hossa"]
[Black "e-m29"]
[Result "0-1"]
[WhiteElo "2402"]
[BlackElo "2554"]
[PlyCount "174"]
[EventDate "2000.??.??"]

1. e4 e6 2. d4 d5 3. Nc3 Bb4 4. e5 Ne7 5. a3 Bxc3+ 6. bxc3 c5 7. Nf3 Bd7 8. Be2
Qa5 9. Bd2 Ba4 10. c4 Qc7 11. cxd5 Nxd5 12. dxc5 Nd7 13. Rb1 Nxc5 14. O-O Ne4
15. Rb2 Ndc3 16. Bxc3 Nxc3 17. Qd2 O-O 18. Bd3 Rad8 19. Re1 Rd5 20. Qf4 Rfd8
21. Rb4 Bb5 22. Bxb5 Rxb5 23. Qc4 Rc5 24. Qh4 Rcd5 25. Qc4 Qxc4 26. Rxc4 Nb1
27. Ra4 a6 28. h4 Nd2 29. Nxd2 Rxd2 30. Rb4 b5 31. c4 bxc4 32. Rxc4 h6 33. Ra4
R8d4 34. Rxa6 Rxh4 35. g3 Rc4 36. Ra8+ Kh7 37. Ra1 Kg6 38. a4 Rcc2 39. Rf1 Re2
40. a5 Rxe5 41. Ra1 Rf5 42. f4 Rd5 43. Rh8 Rdd2 44. a6 Rg2+ 45. Kf1 Rh2 46. Kg1
Rcg2+ 47. Kf1 Rxg3 48. Ra5 Rc3 49. Kg1 Rd2 50. Ra1 Rg3+ 51. Kf1 Rh3 52. Kg1
Rdh2 53. Ra5 Rh1+ 54. Kf2 R3h2+ 55. Kf3 Rc2 56. a7 Rh3+ 57. Ke4 Rc4+ 58. Ke5
Rh5+ 59. Kd6 Rxa5 60. a8=Q Rxa8 61. Rxa8 Kf6 62. Rb8 Rxf4 63. Kc5 h5 64. Rh8 h4
65. Rh7 g5 66. Kb5 Rf3 67. Kc4 h3 68. Kd4 Rf4+ 69. Ke3 Rh4 70. Rxh4 gxh4 71.
Kf2 Kg5 72. Kf1 e5 73. Kg1 e4 74. Kf2 e3+ 75. Ke1 h2 76. Ke2 h1=Q 77. Kd3 Qd1+
78. Kc4 Kf5 79. Kc5 Qd2 80. Kc6 Qd4 81. Kb7 Qc5 82. Ka6 Qb4 83. Ka7 Qb5 84. Ka8
Ke6 85. Ka7 Kd7 86. Ka8 Kc7 87. Ka7 Qb7# 0-1

[Event "ICS rated standard match"]
[Site "204.178.125.65"]
[Date "2000.04.08"]
[Round "?"]
[White "Hossa"]
[Black "chuda"]
[Result "1-0"]
[WhiteElo "2272"]
[BlackElo "1988"]
[PlyCount "43"]

1. e4 d5 2. exd5 Nf6 3. Bb5+ Bd7 4. Bc4 Bg4 5. f3 Bf5 6. Nc3 c6 7. dxc6 Nxc6 8.
Nge2 e5 9. g4 Bg6 10. h4 h5 11. g5 Nd7 12. d3 Bc5 13. Ne4 Qc7 14. Nxc5 Nxc5 15.
Nc3 e4 16. fxe4 Qg3+ 17. Kf1 O-O-O 18. Qe2 Nd4 19. Qe3 Qxe3 20. Bxe3 Nxc2 21.
Bxc5 b6 22. Rc1 1-0

[Event "ICS rated standard match"]
[Site "204.178.125.65"]
[Date "2000.04.08"]
[Round "?"]
[White "chuda"]
[Black "Hossa"]
[Result "0-1"]
[WhiteElo "1983"]
[BlackElo "2277"]
[PlyCount "62"]

1. e4 e5 2. Nf3 Nc6 3. Bb5 a6 4. Ba4 Nf6 5. O-O Be7 6. Re1 b5 7. Bb3 O-O 8. a4
Bb7 9. d3 d6 10. Bd2 h6 11. c3 Na5 12. Bc2 Qb8 13. b4 Nc6 14. a5 Qc8 15. h3 Rd8
16. Bb3 d5 17. exd5 Nxd5 18. Nxe5 Nxe5 19. Rxe5 Bf6 20. Re1 Nxb4 21. d4 Nd5 22.
Bc2 c5 23. Qh5 cxd4 24. Bxh6 gxh6 25. Bf5 Re8 26. Bxc8 Rxe1+ 27. Kh2 Rxc8 28.
cxd4 Bxd4 29. Ra3 Be5+ 30. g3 Ne3 31. f3 Rc2+ 0-1

[Event "ICS rated standard match"]
[Site "204.178.125.65"]
[Date "2000.04.08"]
[Round "?"]
[White "Hossa"]
[Black "chuda"]
[Result "0-1"]
[WhiteElo "2282"]
[BlackElo "1978"]
[PlyCount "102"]
[EventDate "2000.??.??"]

1. e4 d5 2. exd5 Nf6 3. d4 Bg4 4. Be2 Bxe2 5. Qxe2 Qxd5 6. Nf3 Nc6 7. c4 Qf5 8.
O-O O-O-O 9. d5 Nb4 10. Na3 e6 11. dxe6 fxe6 12. Ng5 Re8 13. Nb5 Nc2 14. Nf7
Rg8 15. Rb1 Nd4 16. Nxd4 Qxb1 17. a4 Qg6 18. Ng5 e5 19. Nb5 h6 20. Nf3 a6 21.
Nc3 Bb4 22. Na2 Bd6 23. Nc3 e4 24. Nd4 Bxh2+ 25. Kxh2 Ng4+ 26. Kg1 Rgf8 27. Rd1
Qh5 28. Qe1 Qh2+ 29. Kf1 e3 30. f4 Rxf4+ 31. Nf3 e2+ 32. Nxe2 Rxf3+ 33. gxf3
Rxe2 34. Rd8+ Kxd8 35. Qh4+ Qxh4 36. Kxe2 Qf2+ 37. Kd1 Ne5 38. c5 Qxf3+ 39. Kd2
Nc4+ 40. Kc2 g5 41. b4 c6 42. a5 g4 43. Bxh6 g3 44. Bg7 Ne3+ 45. Kb3 g2 46. b5
g1=Q 47. Ka2 Nc4 48. Bf6+ Kd7 49. Bb2 Qgg2 50. bxc6+ Kxc6 51. Kb1 Qxb2# 0-1

[Event "ICS rated blitz match"]
[Site "204.178.125.65"]
[Date "2000.04.09"]
[Round "?"]
[White "QueenMaxima"]
[Black "Hossa"]
[Result "1/2-1/2"]
[WhiteElo "2440"]
[BlackElo "2393"]
[PlyCount "95"]

1. d4 d5 2. c4 e6 3. Nc3 Nf6 4. Nf3 Be7 5. Bg5 h6 6. Bh4 Nc6 7. e3 g5 8. Bg3
Bb4 9. Nd2 h5 10. cxd5 Nxd5 11. Nxd5 exd5 12. h4 g4 13. Qb3 Bxd2+ 14. Kxd2 Na5
15. Qc2 Nc6 16. Bb5 Bd7 17. Qc5 a6 18. Ba4 Rc8 19. Qxd5 b5 20. Bb3 Qe7 21. Rac1
Rh6 22. Bf4 Rf6 23. Qxh5 Qf8 24. Rcf1 Bf5 25. Bg5 Rg6 26. Bh6 Qb4+ 27. Kc1 Ne7
28. Bg5 Rc6+ 29. Kd1 Be6 30. Bxe6 Rxe6 31. Bxe7 Qxb2 32. Bc5 Qb1+ 33. Kd2 Qxa2+
34. Kc3 Qc4+ 35. Kb2 Qe2+ 36. Ka1 Qc2 37. Qxg4 Qc3+ 38. Kb1 Qb3+ 39. Kc1 Qc3+
40. Kd1 Qd3+ 41. Kc1 Qc3+ 42. Kd1 Qd3+ 43. Ke1 Qc3+ 44. Ke2 Qc2+ 45. Ke1 Qc3+
46. Ke2 Qc2+ 47. Ke1 Qc3+ 48. Ke2 1/2-1/2

[Event "ICS rated blitz match"]
[Site "204.178.125.65"]
[Date "2000.04.09"]
[Round "?"]
[White "QueenMaxima"]
[Black "Hossa"]
[Result "0-1"]
[WhiteElo "2451"]
[BlackElo "2395"]
[PlyCount "128"]

1. d4 d5 2. c4 e6 3. Nc3 Nf6 4. Nf3 Bb4 5. cxd5 exd5 6. Bg5 h6 7. Bh4 g5 8. Bg3
Ne4 9. Nd2 Nxc3 10. bxc3 Bxc3 11. Rc1 Ba5 12. e3 Nd7 13. Bd3 h5 14. Qc2 c6 15.
O-O h4 16. Bd6 h3 17. Ba3 hxg2 18. Kxg2 Nf8 19. Rg1 Bh3+ 20. Kh1 Ne6 21. Rb1
Bb6 22. f3 Qf6 23. Qb3 Nc7 24. Rge1 g4 25. f4 g3 26. Re2 Bg4 27. Rg2 Rxh2+ 28.
Rxh2 gxh2 29. Qb4 Kd7 30. Kxh2 Rg8 31. Qe7+ Qxe7 32. Bxe7 Kxe7 33. Rh1 Rh8+ 34.
Kg1 Rxh1+ 35. Kxh1 c5 36. dxc5 Bxc5 37. Nf1 Bh3 38. f5 Bxf1 39. Bxf1 Bxe3 40.
Bd3 d4 41. Bc2 Nb5 42. Kg2 Nc3 43. a4 Kd6 44. Kh3 f6 45. a5 Kc7 46. Kg4 b5 47.
axb6+ axb6 48. Bd3 b5 49. Bc2 Kc6 50. Kf3 b4 51. Bb3 Kb5 52. Bf7 Ka4 53. Be8+
Kb3 54. Bd7 Kc2 55. Be8 b3 56. Kg4 b2 57. Kh5 b1=Q 58. Kg6 d3 59. Kg7 Qb7+ 60.
Kg6 d2 61. Bf7 d1=Q 62. Kxf6 Bd4+ 63. Ke6 Qe1+ 64. Kd6 Qe5# 0-1

[Event "ICS rated blitz match"]
[Site "204.178.125.65"]
[Date "2000.04.09"]
[Round "?"]
[White "Hossa"]
[Black "undertaker1"]
[Result "1-0"]
[WhiteElo "2414"]
[BlackElo "2602"]
[PlyCount "117"]

1. e4 e5 2. Nf3 Nc6 3. Nc3 g6 4. Bc4 Bg7 5. O-O d6 6. Bb5 Nge7 7. d3 a6 8. Bc4
b5 9. Bb3 O-O 10. Bg5 h6 11. Bh4 Na5 12. Nd5 g5 13. Bg3 Nxb3 14. Nxe7+ Qxe7 15.
axb3 h5 16. h3 h4 17. Bh2 g4 18. hxg4 Bxg4 19. Qe2 f5 20. exf5 h3 21. gxh3 Bxh3
22. Qe4 Bxf1 23. Kxf1 Qf6 24. Nh4 Rfe8 25. Ng6 Qf7 26. Ke1 d5 27. Qg4 e4 28. d4
c5 29. dxc5 Bxb2 30. Rd1 Kh7 31. Bf4 Rac8 32. Ke2 Bg7 33. Qh5+ Kg8 34. Rh1 Bf6
35. Bd6 b4 36. Rg1 Bg7 37. Qg5 d4 38. Ne7+ Rxe7 39. Bxe7 d3+ 40. cxd3 exd3+ 41.
Kd2 Kh7 42. Rh1+ Kg8 43. f6 Rc6 44. Rg1 Kh8 45. Qh4+ Kg8 46. Rxg7+ Qxg7 47.
fxg7 Kxg7 48. Bd6 a5 49. Qg4+ Kf6 50. Qf3+ Ke6 51. Qxc6 Kf6 52. Bg3+ Kf7 53.
Qd7+ Kf6 54. c6 a4 55. Qh7 axb3 56. c7 b2 57. c8=Q b1=N+ 58. Kxd3 b3 59. Qcf5#
1-0

[Event "ICS rated blitz match"]
[Site "204.178.125.65"]
[Date "2000.04.09"]
[Round "?"]
[White "undertaker1"]
[Black "Hossa"]
[Result "1-0"]
[WhiteElo "2578"]
[BlackElo "2438"]
[PlyCount "115"]

1. e4 e5 2. Nf3 Nc6 3. Bb5 a6 4. Ba4 Nf6 5. O-O Be7 6. Re1 b5 7. Bb3 d6 8. c3
O-O 9. h3 Bb7 10. d4 Re8 11. Nbd2 Bf8 12. a3 h6 13. Bc2 Nb8 14. b4 Nbd7 15. Bb2
g6 16. c4 exd4 17. cxb5 axb5 18. Nxd4 c6 19. a4 bxa4 20. Bxa4 Ra6 21. N4b3 Qb6
22. Qf3 Bg7 23. Bc3 Rea8 24. Nc4 Qc7 25. Nca5 Nh5 26. Bxg7 Nxg7 27. Qe3 g5 28.
Rec1 Ne5 29. Bb5 Rb6 30. Nd4 Ne6 31. Nxe6 fxe6 32. Bc4 Nxc4 33. Rxc4 d5 34.
exd5 exd5 35. Rg4 Rf8 36. Rd4 Ra6 37. Rc1 Qf7 38. Qd2 Ba8 39. Rc3 Qf5 40. Qe1
Qd7 41. Re3 Ra7 42. Nb3 Qg7 43. Rd2 Qf6 44. Nd4 Qf7 45. Re6 Ra4 46. Rc2 Qg7 47.
Qd1 Rxb4 48. Nxc6 Bxc6 49. Rcxc6 Rc4 50. Qxd5 Rd4 51. Qb3 Rd3 52. Qxd3 Qa1+ 53.
Kh2 Rf6 54. Re8+ Kg7 55. Re7+ Rf7 56. Rxf7+ Kxf7 57. Qd7+ Kf8 58. Rc8# 1-0

[Event "ICS rated standard match"]
[Site "204.178.125.65"]
[Date "2000.04.09"]
[Round "?"]
[White "expert101"]
[Black "Hossa"]
[Result "0-1"]
[WhiteElo "2119"]
[BlackElo "2268"]
[PlyCount "86"]

1. d4 Nf6 2. c4 e6 3. Nf3 b6 4. g3 Bb7 5. Bg2 Be7 6. O-O O-O 7. Nc3 Ne4 8. Qc2
Nxc3 9. Qxc3 c5 10. dxc5 bxc5 11. Be3 Be4 12. Qa3 d6 13. Rfd1 Nd7 14. Rac1 Rb8
15. b3 Qc7 16. Bf4 a5 17. Rd2 Rfd8 18. Rcd1 Nf6 19. h4 Ng4 20. Bh3 Bf5 21. e4
Nxf2 22. Kxf2 Bxh3 23. e5 d5 24. cxd5 exd5 25. Rxd5 Rxd5 26. Rxd5 Be6 27. Rd6
Bxd6 28. exd6 Qb6 29. Ne5 Bh3 30. Nc4 Qc6 31. Ne3 a4 32. Qxa4 Qxa4 33. bxa4 Rb4
34. a5 Ra4 35. Kf3 Bd7 36. Ng4 Bc6+ 37. Ke3 Ra3+ 38. Kd2 Rxa2+ 39. Kc3 Rxa5 40.
Ne5 Bb5 41. Nc4 Ra6 42. h5 Kf8 43. g4 Ra4 0-1

[Event "ICS Rated standard match"]
[Site "204.178.125.65"]
[Date "2000.04.09"]
[Round "?"]
[White "Hossa"]
[Black "expert101"]
[Result "1-0"]
[WhiteElo "2278"]
[BlackElo "2109"]
[PlyCount "145"]

1. e4 e6 2. d4 d5 3. Nc3 Bb4 4. e5 Ne7 5. a3 Bxc3+ 6. bxc3 c5 7. a4 Nbc6 8. Nf3
Bd7 9. Be2 O-O 10. O-O Rc8 11. Ba3 cxd4 12. cxd4 Na5 13. Qb1 b6 14. Ba6 Rc3 15.
Qb4 Rxf3 16. Qxe7 Qxe7 17. Bxe7 Rc3 18. Bxf8 Kxf8 19. Ra2 Nc4 20. Rb1 Na5 21.
h4 Ke7 22. Rd1 f5 23. Rd3 Rc7 24. Kh2 Be8 25. Bb5 Bg6 26. Kg1 h6 27. Rda3 Bh5
28. Rb2 Kf7 29. f3 f4 30. Rd3 Bg6 31. Rd2 Bf5 32. Ra2 g5 33. h5 Rc3 34. Rf2 Ke7
35. Kh2 Bh7 36. Rd2 Bg8 37. Rd3 Rc7 38. g4 fxg3+ 39. Kxg3 Bh7 40. Rd2 Rc3 41.
Kf2 Bg8 42. Rd3 Rc7 43. Rd1 Bf7 44. Rh1 Rc3 45. Bd3 Nc4 46. Ke2 Be8 47. Rh3 Na5
48. Kd2 Rc7 49. Rh2 Kf8 50. Ke3 Rf7 51. Ra1 Rf4 52. c3 Kg7 53. Rh3 Nb3 54. Ra3
Na5 55. Ra2 Nc4+ 56. Bxc4 dxc4 57. a5 b5 58. a6 Bc6 59. Rb2 Kf8 60. Rb1 Ke7 61.
Rg1 Kd7 62. Rg4 Rf7 63. f4 gxf4+ 64. Rxf4 Rh7 65. Rg3 Bd5 66. Rg6 Kc6 67. Rff6
b4 68. cxb4 Kb5 69. Rxh6 Rc7 70. Rh8 c3 71. Rb8+ Kxa6 72. Rf1 c2 73. Ra1+ 1-0

[Event "ICS rated standard match"]
[Site "204.178.125.65"]
[Date "2000.04.09"]
[Round "?"]
[White "manuelconj"]
[Black "Hossa"]
[Result "0-1"]
[WhiteElo "2016"]
[BlackElo "2290"]
[PlyCount "64"]

1. e4 e5 2. Nf3 Nc6 3. Bb5 a6 4. Ba4 Nf6 5. O-O Be7 6. d3 b5 7. Bb3 O-O 8. Bg5
d6 9. h3 b4 10. a3 bxa3 11. Nxa3 Kh8 12. Nc4 Be6 13. Ncd2 Bxb3 14. Nxb3 Nd7 15.
Bxe7 Qxe7 16. Ra3 f5 17. Qe2 Qf6 18. Rfa1 Ndb8 19. Nfd2 fxe4 20. Nxe4 Qf5 21.
Ng3 Qf7 22. f3 Ra7 23. Nf1 Rb7 24. Nfd2 Nb4 25. c3 Nc2 26. Nc4 Nxa1 27. Nxa1
Qf4 28. b4 d5 29. Nd2 d4 30. cxd4 Qxd4+ 31. Kh2 Qb2 32. Ra5 Rxb4 0-1

[Event "ICS rated standard match"]
[Site "204.178.125.65"]
[Date "2000.04.09"]
[Round "?"]
[White "Hossa"]
[Black "manuelconj"]
[Result "1-0"]
[WhiteElo "2295"]
[BlackElo "2011"]
[PlyCount "31"]

1. e4 d6 2. d4 Nf6 3. Nc3 g6 4. Nf3 Bg7 5. Be2 O-O 6. O-O Nbd7 7. Bg5 c6 8. Qd2
Qc7 9. Rfe1 a6 10. Bf1 b5 11. a3 e5 12. Red1 Nb6 13. dxe5 dxe5 14. Bxf6 Bxf6
15. Qd6 Nd5 16. Rxd5 1-0

[Event "ICS rated blitz match"]
[Site "204.178.125.65"]
[Date "2000.04.09"]
[Round "?"]
[White "Hossa"]
[Black "postalex"]
[Result "1-0"]
[WhiteElo "2428"]
[BlackElo "2075"]
[PlyCount "57"]

1. e4 Nc6 2. d4 d5 3. Nc3 dxe4 4. d5 Ne5 5. Qd4 Ng6 6. Qxe4 Nf6 7. Qa4+ Bd7 8.
Bb5 a6 9. Bxd7+ Qxd7 10. Qxd7+ Nxd7 11. Nf3 Nc5 12. Be3 e5 13. O-O-O O-O-O 14.
Ng5 Rd7 15. b4 h6 16. Nf3 e4 17. Nd4 Nd3+ 18. cxd3 Bxb4 19. Nxe4 Rxd5 20. Nc2
Be7 21. Bd4 Nf4 22. Bxg7 Rg8 23. Bf6 Nxd3+ 24. Rxd3 Rxd3 25. Bxe7 Re8 26. Nc5
Rc3 27. Re1 Rxe7 28. Rxe7 Rxc5 29. Rxf7 1-0

[Event "ICS rated blitz match"]
[Site "204.178.125.65"]
[Date "2000.04.09"]
[Round "?"]
[White "Hossa"]
[Black "j724"]
[Result "1-0"]
[WhiteElo "2432"]
[BlackElo "2071"]
[PlyCount "67"]

1. e4 d6 2. d4 Nf6 3. Nc3 c6 4. f4 Qa5 5. Bd3 e5 6. Nf3 Bg4 7. Be3 Nbd7 8. O-O
Be7 9. Kh1 O-O 10. fxe5 dxe5 11. d5 Qc7 12. Qe1 Rad8 13. dxc6 bxc6 14. Qf2 Nb6
15. Rad1 Rd7 16. a3 Rfd8 17. Qg3 Bxf3 18. Qxf3 Bf8 19. Qf5 Ne8 20. Bg5 f6 21.
Be3 Nd6 22. Qe6+ Kh8 23. a4 Re8 24. Qa2 Rdd8 25. a5 Nd7 26. Be2 Nb7 27. Bh5 Re7
28. Bxa7 Nxa5 29. Be3 Nb7 30. Rd2 Ndc5 31. Rxd8 Qxd8 32. Bg4 Re8 33. b4 Ne6 34.
Bxe6 1-0

[Event "ICS rated standard match"]
[Site "204.178.125.65"]
[Date "2000.04.09"]
[Round "?"]
[White "Hossa"]
[Black "stormx"]
[Result "1-0"]
[WhiteElo "2305"]
[BlackElo "2099"]
[PlyCount "73"]

1. d4 d5 2. c4 dxc4 3. Nf3 Be6 4. Nc3 Nd7 5. e4 Nb6 6. a4 c6 7. a5 Nc8 8. Ne5
Nd6 9. a6 Qc7 10. axb7 Qxb7 11. Qa4 Bd7 12. Bxc4 Nf6 13. Ba6 Qb6 14. Nxd7 Nxd7
15. O-O e6 16. Re1 Be7 17. d5 Nxe4 18. Qxe4 Nf6 19. Qa4 Nxd5 20. Nxd5 exd5 21.
Be3 Qc7 22. Bc5 Kf8 23. Rxe7 Qxe7 24. Bxe7+ Kxe7 25. Re1+ Kf8 26. Qxc6 Rd8 27.
Qc7 g6 28. Qxd8+ Kg7 29. Qxd5 Rf8 30. Qd4+ Kg8 31. Qxa7 Kh8 32. Bc4 Kg8 33. Re8
Kg7 34. Rxf8 Kh6 35. Qe3+ g5 36. Rg8 f6 37. Qh3# 1-0